Motivi dell'allegria (I) vol. 5 (Record n. 99689)
[ formato base ]
| 000 -LEADER | |
|---|---|
| fixed length control field | 04005njm a2200601Ia 4500 |
| 001 - CONTROL NUMBER | |
| control field | 32946 |
| 003 - CONTROL NUMBER IDENTIFIER | |
| control field | IT-RoPAU |
| 005 - DATE AND TIME OF LATEST TRANSACTION | |
| control field | 20220918181120.0 |
| 008 - FIXED-LENGTH DATA ELEMENTS--GENERAL INFORMATION | |
| fixed length control field | 131025s9999 xx 000 0 und d |
| 040 ## - CATALOGING SOURCE | |
| Original cataloging agency | IT-RoPAU |
| 040 ## - CATALOGING SOURCE | |
| Transcribing agency | IT-RoPAU |
| 041 ## - LANGUAGE CODE | |
| Language code of text/sound track or separate title | ITALIANO |
| 999 ## - SYSTEM CONTROL NUMBERS (KOHA) | |
| Koha Dewey Subclass [OBSOLETE] | n.d. |
| 100 ## - MAIN ENTRY--PERSONAL NAME | |
| Personal name | AA.VV. |
| 9 (RLIN) | 794 |
| 100 ## - MAIN ENTRY--PERSONAL NAME | |
| Relator term | Autore musica |
| 9 (RLIN) | 18901 |
| 100 ## - MAIN ENTRY--PERSONAL NAME | |
| Miscellaneous information | Codice autore musica SPICS: 12000 |
| 9 (RLIN) | 796 |
| 245 ## - TITLE STATEMENT | |
| Title | Motivi dell'allegria (I) vol. 5 |
| 250 ## - EDITION STATEMENT | |
| Edition statement | 1a ed. |
| 260 ## - PUBLICATION, DISTRIBUTION, ETC. (IMPRINT) | |
| Place of publication, distribution, etc. | MILANO |
| 260 ## - PUBLICATION, DISTRIBUTION, ETC. (IMPRINT) | |
| Name of publisher, distributor, etc. | COMBO RECORD |
| Date of publication, distribution, etc. | 1970 [1a Ed.:1970] |
| 300 ## - PHYSICAL DESCRIPTION | |
| Extent | DISCO |
| 500 ## - GENERAL NOTE | |
| General note | Musica folk, popolare. |
| 505 ## - FORMATTED CONTENTS NOTE | |
| Formatted contents note | Passa la ronda - Argentina- Wonderful Copenhagen - Marina - Ferriera - La luna nel rio - Quel motivetto che mi piace tanto - Olandesina - Ciondolo d'oro - Fox trot della nostalgia - Chitarra romana - Canta Pierrot - Pippo non lo sa |
| 511 ## - PARTICIPANT OR PERFORMER NOTE | |
| Participant or performer note | Cantano Adriano Valle e Gabriella Piccinini con Rocco Bandera e suo fratello |
| 511 ## - PARTICIPANT OR PERFORMER NOTE | |
| Participant or performer note | Cantano; Adriano Valle - Gabriella Piccinini con Rocco Bandera e suo fratello e coro Moderato |
| 511 ## - PARTICIPANT OR PERFORMER NOTE | |
| Participant or performer note | Cantano Adriano Valle e Gabriella Piccinini con Rocco Bandera e suo fratello e coro Tango |
| 511 ## - PARTICIPANT OR PERFORMER NOTE | |
| Participant or performer note | Cantano Adriano Valle e Gabriella Piccinini con Rocco Bandera e suo fratello e coro Valzer |
| 511 ## - PARTICIPANT OR PERFORMER NOTE | |
| Participant or performer note | Cantano Adriano Valle e Gabriella Piccinini con Rocco Bandera e suo fratello e coro Ritmo allegro |
| 650 ## - SUBJECT ADDED ENTRY--TOPICAL TERM | |
| Topical term or geographic name as entry element | FOLK-POPOLARE [DISCHI] |
| Relator term | Codice MATERIA SPICS: 9950 |
| 9 (RLIN) | 11487 |
| 700 ## - ADDED ENTRY--PERSONAL NAME | |
| Personal name | Barzizza Pippo |
| Dates associated with a name | Codice autore musica SPICS: 13368 |
| Relator term | Autore musica |
| Name of part/section of a work | La canzone del boscaiolo |
| 9 (RLIN) | 18902 |
| 700 ## - ADDED ENTRY--PERSONAL NAME | |
| Personal name | Morbelli Riccardo |
| Dates associated with a name | Codice autore testo/musica SPICS: 13446 |
| Relator term | Autore testo/musica |
| Name of part/section of a work | La canzone del boscaiolo |
| 9 (RLIN) | 18903 |
| 700 ## - ADDED ENTRY--PERSONAL NAME | |
| Personal name | Tagliapezzi |
| Dates associated with a name | Codice autore musica SPICS: 28400 |
| Relator term | Autore musica |
| Name of part/section of a work | Passa la ronda |
| 9 (RLIN) | 18904 |
| 700 ## - ADDED ENTRY--PERSONAL NAME | |
| Personal name | Gentili E. |
| Dates associated with a name | Codice autore testo/musica SPICS: 6179 |
| Relator term | Autore testo/musica |
| Name of part/section of a work | Passa la ronda |
| 9 (RLIN) | 18905 |
| 700 ## - ADDED ENTRY--PERSONAL NAME | |
| Personal name | Raimondi Franca |
| Dates associated with a name | Codice autore musica SPICS: 13651 |
| Relator term | Autore musica |
| Name of part/section of a work | Argentina |
| 9 (RLIN) | 18906 |
| 700 ## - ADDED ENTRY--PERSONAL NAME | |
| Personal name | Loesser Frank |
| Dates associated with a name | Codice autore testo/musica SPICS: 15672 |
| Relator term | Autore testo/musica |
| Name of part/section of a work | Wonderful Copenhagen |
| 9 (RLIN) | 18907 |
| 700 ## - ADDED ENTRY--PERSONAL NAME | |
| Personal name | Granata Rocco |
| Dates associated with a name | Codice autore testo/musica SPICS: 14040 |
| Relator term | Autore testo/musica |
| Name of part/section of a work | Marina |
| 9 (RLIN) | 18908 |
| 700 ## - ADDED ENTRY--PERSONAL NAME | |
| Personal name | Cherubini Bixio |
| Dates associated with a name | Codice autore testo/musica SPICS: 13442 |
| Relator term | Autore testo/musica |
| Name of part/section of a work | Ferriera - Ciondolo d'oro - Fox trot della nostalgia |
| 9 (RLIN) | 18909 |
| 700 ## - ADDED ENTRY--PERSONAL NAME | |
| Personal name | Marshall |
| Dates associated with a name | Codice autore musica SPICS: 28401 |
| Relator term | Autore musica |
| Name of part/section of a work | La luna nel rio |
| 9 (RLIN) | 18910 |
| 700 ## - ADDED ENTRY--PERSONAL NAME | |
| Personal name | Panzeri Mario |
| Dates associated with a name | Codice autore SPICS: 13372 |
| Relator term | Autore |
| Name of part/section of a work | La luna nel rio - Pippo non lo sa |
| 9 (RLIN) | 18911 |
| 700 ## - ADDED ENTRY--PERSONAL NAME | |
| Personal name | Testoni Giancarlo |
| Dates associated with a name | Codice autore testo/musica SPICS: 13524 |
| Relator term | Autore testo/musica |
| Name of part/section of a work | La luna nel rio |
| 9 (RLIN) | 18912 |
| 700 ## - ADDED ENTRY--PERSONAL NAME | |
| Personal name | Caslar (Casolaro) Dan (Donato) |
| Dates associated with a name | Codice autore musica SPICS: 13369 |
| Relator term | Autore musica |
| Name of part/section of a work | Quel motivetto che mi piace tanto |
| 9 (RLIN) | 18913 |
| 700 ## - ADDED ENTRY--PERSONAL NAME | |
| Personal name | Galdieri Michele |
| Dates associated with a name | Codice autore testo/musica SPICS: 13370 |
| Relator term | Autore testo/musica |
| Name of part/section of a work | Quel motivetto che mi piace tanto |
| 9 (RLIN) | 18914 |
| 700 ## - ADDED ENTRY--PERSONAL NAME | |
| Personal name | Buzzacchi |
| Dates associated with a name | Codice autore musica SPICS: 13585 |
| Relator term | Autore musica |
| Name of part/section of a work | Olandesina |
| 9 (RLIN) | 18915 |
| 700 ## - ADDED ENTRY--PERSONAL NAME | |
| Personal name | Sciama |
| Dates associated with a name | Codice autore testo/musica SPICS: 28402 |
| Relator term | Autore testo/musica |
| Name of part/section of a work | Olandesina |
| 9 (RLIN) | 18916 |
| 700 ## - ADDED ENTRY--PERSONAL NAME | |
| Personal name | Guglielmetti |
| Dates associated with a name | Codice autore testo/musica SPICS: 28403 |
| Relator term | Autore testo/musica |
| Name of part/section of a work | Ciondolo d'oro |
| 9 (RLIN) | 18917 |
| 700 ## - ADDED ENTRY--PERSONAL NAME | |
| Personal name | Vitaliani |
| Dates associated with a name | Codice autore testo/musica SPICS: 28404 |
| Relator term | Autore testo/musica |
| Name of part/section of a work | Fox trot della nostalgia |
| 9 (RLIN) | 18918 |
| 700 ## - ADDED ENTRY--PERSONAL NAME | |
| Personal name | Di Lazzaro Eldo |
| Dates associated with a name | Codice autore musica SPICS: 13500 |
| Relator term | Autore musica |
| Name of part/section of a work | Chitarra romana |
| 9 (RLIN) | 18919 |
| 700 ## - ADDED ENTRY--PERSONAL NAME | |
| Personal name | Bruno C. |
| Dates associated with a name | Codice autore testo/musica SPICS: 13502 |
| Relator term | Autore testo/musica |
| Name of part/section of a work | Chitarra romana |
| 9 (RLIN) | 18920 |
| 700 ## - ADDED ENTRY--PERSONAL NAME | |
| Personal name | Bixio Cesare Andrea |
| Dates associated with a name | Codice autore testo/musica SPICS: 13441 |
| Relator term | Autore testo/musica |
| Name of part/section of a work | Canta Pierrot |
| 9 (RLIN) | 18921 |
| 700 ## - ADDED ENTRY--PERSONAL NAME | |
| Personal name | Kramer Gorni |
| Dates associated with a name | Codice autore musica SPICS: 11552 |
| Relator term | Autore musica |
| Name of part/section of a work | Pippo non lo sa |
| 9 (RLIN) | 18922 |
| 700 ## - ADDED ENTRY--PERSONAL NAME | |
| Personal name | Rastelli Nino |
| Dates associated with a name | Codice autore testo/musica SPICS: 13482 |
| Relator term | Autore testo/musica |
| Name of part/section of a work | Pippo non lo sa |
| 9 (RLIN) | 18923 |
| 942 ## - ADDED ENTRY ELEMENTS (KOHA) | |
| Koha item type | DISCHI |
| Source of classification or shelving scheme | Dewey Decimal Classification |
| Withdrawn status | Lost status | Damaged status | Not for loan | Home library | Current library | Date acquired | Total Checkouts | Full call number | Date last seen | Price effective from | Koha item type | Public note |
|---|---|---|---|---|---|---|---|---|---|---|---|---|
| Buone Condizioni | Not For Loan | SPICS-MEDIATECA | SPICS-MEDIATECA | 25/10/2013 | 32946 | 25/10/2013 | 25/10/2013 | DISCHI | Progr. Ins.: 12202 / N.Vol.: 1 / Copie: 1 - Copia rara: n.d. / date import: 01.01.2014 - By Epidotti, Trombetti, Vaglietti |